000 00207 a2200097 4500
001 11358
100 _aToynbee, A.
245 _aToynbee on Toynbee
260 _a
_bOxford University
_c
090 _c8907
_d8907
942 _aNUST-CAE
_cM
_c35719
999 _c246431
_d246431